<?xml version="1.0" encoding="UTF-8"?>
<collection xmlns="http://www.loc.gov/MARC21/slim">
  <record>
    <leader>00000nam  2200000   4500</leader>
    <controlfield tag="001">INLIS000000000020740</controlfield>
    <controlfield tag="005">20250804024929</controlfield>
    <datafield tag="035" ind1="#" ind2="#">
      <subfield code="a">0010-0825000018</subfield>
    </datafield>
    <controlfield tag="007">ta</controlfield>
    <controlfield tag="008">250804################|##########|#|##</controlfield>
    <datafield tag="084" ind1="#" ind2="#">
      <subfield code="a">R 0019 PKP 2024</subfield>
    </datafield>
    <datafield tag="100" ind1=" " ind2="#">
      <subfield code="a">Mustofa</subfield>
    </datafield>
    <datafield tag="245" ind1="1" ind2="#">
      <subfield code="a">IDOLA LAN, Integrasi Pengelolaan Pengaduan Lembaga Administrasi Negara Untuk Meningkatkan Pelayanan Publik /</subfield>
      <subfield code="c">Mustofa</subfield>
    </datafield>
    <datafield tag="260" ind1="#" ind2="#">
      <subfield code="a">Jakarta :</subfield>
      <subfield code="b">Pusbangkom Pimnas dan Manajerial ASN,</subfield>
      <subfield code="c">2024</subfield>
    </datafield>
    <datafield tag="300" ind1="#" ind2="#">
      <subfield code="a">35 hlm. ;</subfield>
      <subfield code="c">30 cm</subfield>
    </datafield>
    <datafield tag="650" ind1="#" ind2="4">
      <subfield code="a">Pengaduan Pelayanan Publik</subfield>
    </datafield>
    <datafield tag="520" ind1="#" ind2="#">
      <subfield code="a">Pengelolaan pengaduan publik salah satu fungsi penting yang harus dilaksanakan oleh seluruh instansi pemerintah baik di tingkat pusat maupun daerah. Pengaduan yang ditangani dengan efektif serta memberi solusi dalam memecahkan permasalahan untuk masyarakat bisa berperan langsung pada upaya memperbaiki tata kelola pemerintahan secara baik serta meningkatkan fungsi dari layanan publik. Tujuan dari aksi perubahan ini adalah bertujuan meningkatkan pengelolaan pengaduan publik pada LAN melalui integrasi pengelolaan pengaduan dengan menggunakan Sistem Pengelolaan Pengaduan Pelayanan Publik Nasional Layanan Aspirasi Pengaduan Online Rakyat (SP4N-LAPOR).</subfield>
    </datafield>
    <datafield tag="990" ind1="#" ind2="#">
      <subfield code="a">2024/1.2.4/A/0019</subfield>
    </datafield>
  </record>
</collection>
